Barilla Nudelsorten Quiz - Statistiken

Allgemein
  • Dieses Quiz wurde 39 mal gespielt
  • Das Durchschnittsergebnis liegt bei 5 aus 33
Antwortstatistiken
No. Sorte % Korrekt
5 Spaghetti
94%
98 Fusilli
78%
265 Farfalle
72%
89 Rigatoni
44%
3 Spaghettini
39%
13 Bavette/Linguine
36%
7 Spaghettoni
28%
85 Gnocchi
25%
73 Penne Rigate
25%
44 Maccheroni
19%
34 Girandole
14%
83 Tortiglioni
8%
1 Capellini
6%
51 Gobbetti
6%
26 Risoni
6%
9 Bucatini
3%
31 Corallini
3%
42 Lumachine
3%
54 Pasta Mista
3%
71 Penne Lisce
3%
91 Pipe Rigate
3%
23 Puntine
3%
27 Stelline
3%
45 Ditali Lisci
0%
47 Ditalini Rigati
0%
46 Ditaloni Lisci
0%
49 Ditaloni Regati
0%
59 Farfalline
0%
84 Mezze Maniche Rigate
0%
70 Mezze Penne Rigate
0%
72 Pennette Rigate
0%
86 Pipette Rigate
0%
94 Sedani Rigati
0%
Keine übereinstimmenden Quizze gefunden
Verteilung der Resultate
Anzahl Personen mit jedem Resultat
Perzentil nach korrekt beantworteten Fragen
Ihre Resultats-Entwicklung
Sie haben dieses Quiz noch nicht gespielt